| 000 | 00521nam a2200121Ia 4500 | ||
|---|---|---|---|
| 008 | 220616s9999||||xx |||||||||||||| ||und|| | ||
| 100 | _aMally, Lynn | ||
| 245 | 0 |
_aRevolutionary Acts _bAmateur Theater and the Soviet State, 1917-1938 |
|
| 546 | _aEnglish[eng] | ||
| 650 | _atheatre||socialist realism||amateur theatre||agitprop||Russian revolution||Soviet Union||Leningrad Theatre of Working Class Youth | ||
| 856 | _uhttp://d3p9z3cj392tgc.cloudfront.net/wp-content/uploads/2016/08/22125721/9781501707209.pdf | ||
| 942 | _cEB | ||
| 999 |
_c19427 _d19427 |
||